[Event "BRA-ch Amateur U2000"]
[Site "Sao Paulo"]
[Date "2018.??.??"]
[Round "1"]
[White "Grillo, Carlos Henrique Gom"]
[Black "Silvestre, Gilmar Severino"]
[Result "1-0"]
[WhiteElo "1930"]
[BlackElo "1710"]
[PlyCount "169"]
[EventDate "2018.05.31"]
[EventType "swiss"]
[EventRounds "7"]
[EventCountry "BRA"]
[SourceTitle "EXT 2021"]
[Source "ChessBase"]
[SourceDate "2020.10.23"]
[SourceVersion "1"]
[SourceVersionDate "2020.10.23"]
[SourceQuality "1"]

1. d4 Nf6 2. Nf3 e6 3. Bf4 d5 4. e3 Be7 5. h3 Nbd7 6. c4 c5 7. cxd5 Qa5+ 8. Nbd2 Nxd5 9. Bh2 cxd4 10. Nxd4 a6 11. Be2 0-0 12. 0-0 Qd8 13. Rc1 Bg5 14. N2f3 Nxe3 15. fxe3 Bxe3+ 16. Kh1 Bxc1 17. Qxc1 Nf6 18. Be5 Nd5 19. Bc4 f6 20. Bg3 e5 21. Ne2 Be6 22. Qd2 Rc8 23. Bb3 Nc7 24. Qb4 Bxb3 25. Qxb3+ Qd5 26. Qa4 b5 27. Qa5 Qc4 28. Nfg1 b4 29. a3 bxa3 30. Qxa3 Qb5 31. Rd1 Rfd8 32. Nc3 Qc6 33. Rxd8+ Rxd8 34. Qb3+ Kh8 35. Nf3 Nb5 36. Nxb5 axb5 37. Bf2 Qc4 38. Qxc4 bxc4 39. Bc5 Kg8 40. Kg1 Kf7 41. Bb4 Ke6 42. Kf2 Kf5 43. Ke3 Rd3+ 44. Ke2 Rd7 45. Nd2 Kf4 46. Nxc4 Kg3 47. Ne3 Kf4 48. Bd2 Ke4 49. Bc3 h5 50. Nf1 h4 51. Nd2+ Kf4 52. Kf2 e4 53. Nf1 Rd3 54. Ke2 Rd7 55. Bd2+ Ke5 56. Ne3 f5 57. b4 Rf7 58. Nc4+ Kd4 59. Na5 Rc7 60. Be3+ Kc3 61. b5 Kb4 62. b6 Rc2+ 63. Bd2+ Kc5 64. b7 Rb2 65. Kd1 Rb5 66. Bf4 Kd4 67. b8Q Rxb8 68. Bxb8 Ke3 69. Ke1 g6 70. Nc4+ Kd4 71. Nd2 g5 72. Ke2 g4 73. Bf4 gxh3 74. gxh3 Kc5 75. Bg5 Kd5 76. Bxh4 Ke5 77. Bg5 f4 78. h4 Kf5 79. Nc4 Kg4 80. Ne5+ Kh5 81. Nd7 f3+ 82. Kf2 Kg4 83. Nf6+ Kf5 84. Ke3 Kg6 85. Nxe4 1-0

[Event "Cuiaba Contaud op"]
[Site "Cuiaba"]
[Date "2017.07.30"]
[Round "6"]
[White "Silvestre, Gilmar Severino"]
[Black "Duailibi, Ricardo Miguel"]
[Result "1-0"]
[WhiteElo "1676"]
[BlackElo "1928"]
[PlyCount "50"]
[EventDate "2017.07.28"]
[EventType "swiss"]
[EventRounds "6"]
[EventCountry "BRA"]
[SourceTitle "EXT 2018"]
[Source "ChessBase"]
[SourceDate "2017.10.13"]
[SourceVersion "1"]
[SourceVersionDate "2017.10.13"]
[SourceQuality "1"]

1. d4 Nf6 2. c4 c5 3. Nf3 g6 4. Nc3 cxd4 5. Nxd4 Bg7 6. g3 Qa5 7. Bg2 Nc6 8. Nb3 Qb4 9. 0-0 Qxc4 10. Bf4 d6 11. Rc1 Qa6 12. Qc2 Bd7 13. Rfd1 0-0 14. Bg5 Nb4 15. Qd2 Be6 16. Nd4 Rfe8 17. Ncb5 Nxa2 18. Nc7 Qb6 19. Nxa8 Rxa8 20. Ra1 Nb4 21. Nxe6 fxe6 22. Be3 Qb5 23. Rxa7 Rxa7 24. Bxa7 b6 25. Qe3 e5 1-0